| 000 | 00470nam a2200157Ia 4500 | ||
|---|---|---|---|
| 008 | 220216s9999 xx 000 0 und d | ||
| 100 | _aSchuster R H | ||
| 245 | 0 | _aSelective interactions in elastomers, a base for compatibility and polymer-filler interactions | |
| 260 |
_bRubber Chemistry and Technology _c1996 |
||
| 300 | _a769-780 | ||
| 650 | _aElastomers | ||
| 650 | _aPolymer-filler interactions | ||
| 700 | _aIssel H M | ||
| 700 | _aPeterseim V | ||
| 942 | _cJS | ||
| 999 |
_c68576 _d68576 |
||